000
00202 a2200097 4500
001
444
100
_a
Bishop,RED
245
_a
Matrix analysis of vibration
260
_a
_b
Cambridge
_c
090
_c
63
_d
63
942
_a
NUST-CAE
_c
M
_c
32822
999
_c
235517
_d
235517